[Event "GER CupT"]
[Site "Germany"]
[Date "2023.03.12"]
[Round "4.3"]
[White "Noetzel, Felix"]
[Black "Heimann, Andreas"]
[Result "0-1"]
[WhiteElo "2123"]
[BlackElo "2549"]
[PlyCount "100"]
[EventDate "2023.01.28"]
[EventType "team-k.o."]
[EventRounds "4"]
[EventCountry "GER"]
[SourceTitle "EXT 2024"]
[Source "ChessBase"]
[SourceDate "2023.10.10"]
[SourceVersion "1"]
[SourceVersionDate "2023.10.10"]
[SourceQuality "1"]
[WhiteTeam "Berlin SF"]
[BlackTeam "Schachfreunde Deizisau"]
[WhiteTeamCountry "GER"]
[BlackTeamCountry "GER"]

1. e4 e5 2. Nf3 Nc6 3. d4 exd4 4. Nxd4 Nf6 5. Nxc6 bxc6 6. e5 Qe7 7. Qe2 Nd5 8. c4 Ba6 9. b3 g6 10. g3 Bg7 11. Bb2 0-0-0 12. Bg2 Rhe8 13. 0-0 Bxe5 14. Qxe5 Qxe5 15. Bxe5 Rxe5 16. cxd5 Bxf1 17. Kxf1 cxd5 18. f4 Rf5 19. Nc3 c6 20. Ne2 Rf6 21. Nd4 g5 22. f5 g4 23. h4 Kc7 24. Rc1 Kb6 25. b4 Ra8 26. Kg1 a5 27. b5 Re8 28. bxc6 dxc6 29. Rb1+ Kc7 30. Rc1 Kb6 31. Rb1+ Kc5 32. Rd1 Kd6 33. Nxc6 Kxc6 34. Rxd5 Kb6 35. a4 Re3 36. Rb5+ Kc7 37. Kf2 Rc3 38. Rxa5 Rc2+ 39. Kf1 Rb6 40. Rb5 Rxb5 41. axb5 Rb2 42. Bc6 Kd6 43. Be8 Ke7 44. Bc6 Kf6 45. Be8 h5 46. Kg1 Kxf5 47. Bxf7 Ke4 48. Bxh5 Kf3 49. Be8 Kxg3 50. Kf1 Kh2 0-1

[Event "EU-Cup 37th"]
[Site "Mayrhofen"]
[Date "2022.10.03"]
[Round "1.4"]
[White "Markus, Robert"]
[Black "Noetzel, Felix"]
[Result "1-0"]
[WhiteElo "2615"]
[BlackElo "2093"]
[PlyCount "75"]
[EventDate "2022.10.03"]
[EventType "team-swiss"]
[EventRounds "7"]
[EventCountry "AUT"]
[SourceTitle "CBM 210 Extra"]
[Source "ChessBase"]
[SourceDate "2022.11.30"]
[SourceVersion "1"]
[SourceVersionDate "2022.11.30"]
[SourceQuality "1"]
[WhiteTeam "Ljubljana Tajfun"]
[BlackTeam "Berlin SF"]
[WhiteTeamCountry "SLO"]
[BlackTeamCountry "GER"]

1. d4 d5 2. c4 e6 3. Nf3 c6 4. e3 Nf6 5. b3 Nbd7 6. Bb2 Ne4 7. Nbd2 f5 8. g3 Bd6 9. Bg2 0-0 10. 0-0 Qf6 11. Ne1 Qh6 12. Nd3 Ndf6 13. Re1 Bd7 14. Nf1 Be8 15. f3 Bh5 16. Nf4 Ng5 17. Rc1 Rae8 18. Rc2 Nf7 19. Qc1 e5 20. dxe5 Nxe5 21. Nxh5 Qxh5 22. Bxe5 Bxe5 23. f4 Bb8 24. cxd5 cxd5 25. Rd1 Rd8 26. Rcd2 Rc8 27. Qa1 b5 28. Bxd5+ Kh8 29. Be6 Rce8 30. Bd7 Nxd7 31. Rxd7 Rf7 32. Qc3 h6 33. Qc6 Rf6 34. Qxb5 Rfe6 35. R1d5 Qf3 36. Rd8 Rxd8 37. Rxd8+ Kh7 38. Qxf5+ 1-0

[Event "Berlin-ch"]
[Site "Berlin"]
[Date "2022.04.20"]
[Round "6"]
[White "Ermitsch, Magnus"]
[Black "Noetzel, Felix"]
[Result "1-0"]
[WhiteElo "2150"]
[BlackElo "2207"]
[PlyCount "73"]
[EventDate "2022.04.15"]
[EventType "swiss"]
[EventRounds "9"]
[EventCountry "GER"]
[SourceTitle "CBM 207 Extra"]
[Source "ChessBase"]
[SourceDate "2022.05.31"]
[SourceVersion "1"]
[SourceVersionDate "2022.05.31"]
[SourceQuality "1"]

1. e4 c5 2. Nf3 Nc6 3. d4 cxd4 4. Nxd4 g6 5. c4 d6 6. Nc3 Nf6 7. Be2 Nxd4 8. Qxd4 Bg7 9. 0-0 0-0 10. Qd3 Be6 11. Be3 Rc8 12. b3 Nd7 13. Rac1 Nc5 14. Qc2 a5 15. h3 f5 16. exf5 Bxf5 17. Qd2 Ne4 18. Nxe4 Bxe4 19. Bg4 Ra8 20. Rfe1 Bc6 21. Bg5 Bf6 22. Bh6 Bg7 23. Be6+ Kh8 24. Bxg7+ Kxg7 25. Qd4+ Rf6 26. g4 h6 27. f4 Kh7 28. g5 Rf8 29. f5 hxg5 30. h4 gxf5 31. hxg5 Kg6 32. Rc2 Ra6 33. Rf2 Be4 34. Rxe4 fxe4 35. Qxe4+ Kg7 36. Qh4 Rh8 37. Qd4+ 1-0

[Event "Berlin-ch"]
[Site "Berlin"]
[Date "2022.04.16"]
[Round "2"]
[White "Noetzel, Felix"]
[Black "Tscheuschner, Georg"]
[Result "1/2-1/2"]
[WhiteElo "2207"]
[BlackElo "2112"]
[PlyCount "81"]
[EventDate "2022.04.15"]
[EventType "swiss"]
[EventRounds "9"]
[EventCountry "GER"]
[SourceTitle "CBM 207 Extra"]
[Source "ChessBase"]
[SourceDate "2022.05.31"]
[SourceVersion "1"]
[SourceVersionDate "2022.05.31"]
[SourceQuality "1"]

1. e4 c5 2. Nf3 d6 3. d4 cxd4 4. Nxd4 Nf6 5. Nc3 a6 6. Bg5 e6 7. f4 Be7 8. Qf3 Qc7 9. 0-0-0 Nbd7 10. Bd3 b5 11. Rhe1 Bb7 12. Qg3 b4 13. Nd5 exd5 14. exd5 Kd8 15. Nc6+ Bxc6 16. dxc6 Qxc6 17. Bxf6 Nxf6 18. Qxg7 Re8 19. Qxf7 Ra7 20. Rxe7 Raxe7 21. Qxf6 Kc7 22. Qd4 Qc5 23. Qxc5+ dxc5 24. Kd2 c4 25. Bxc4 Re4 26. Bxa6 Kb6 27. Bd3 Rxf4 28. Rf1 Rxf1 29. Bxf1 Rf8 30. Ke1 Kc5 31. Bd3 h6 32. a3 bxa3 33. bxa3 Kd4 34. Ke2 Ra8 35. Kf3 Ke5 36. g4 Rxa3 37. h4 Ra4 38. Kg3 Kf6 39. Kf3 Ke5 40. Kg3 Kf6 41. Kf3 1/2-1/2

[Event "Millennium Hybrid Masters"]
[Site "Tornelo INT"]
[Date "2022.03.09"]
[Round "5.1"]
[White "Carlstedt, Jonathan"]
[Black "Noetzel, Felix"]
[Result "1-0"]
[WhiteElo "2445"]
[BlackElo "2215"]
[PlyCount "53"]
[EventDate "2022.03.09"]
[EventType "team-tourn"]
[EventRounds "5"]
[EventCountry "GER"]
[SourceTitle "EXT 2023"]
[Source "ChessBase"]
[SourceDate "2022.10.05"]
[SourceVersion "1"]
[SourceVersionDate "2022.10.05"]
[SourceQuality "1"]
[WhiteTeam "Werder Bremen"]
[BlackTeam "Berlin SF"]
[WhiteTeamCountry "GER"]
[BlackTeamCountry "GER"]

1. c4 e5 2. g3 Nf6 3. Bg2 d5 4. cxd5 Nxd5 5. Nc3 Nb6 6. Nf3 Nc6 7. 0-0 Be7 8. d3 0-0 9. Be3 Be6 10. Rc1 f6 11. a3 Qd7 12. b4 a5 13. d4 axb4 14. axb4 Bxb4 15. dxe5 Qxd1 16. Rfxd1 fxe5 17. Nb5 Rfc8 18. Ng5 Bb3 19. Rd3 Ba2 20. Bh3 Nd4 21. Nxd4 exd4 22. Bxd4 c5 23. Bxc8 Rxc8 24. Bxc5 Bd5 25. Be3 Rxc1+ 26. Bxc1 h6 27. e4 1-0

[Event "Bremen Silvester op"]
[Site "Bremen"]
[Date "2021.12.29"]
[Round "6"]
[White "Knuedel, Torben"]
[Black "Noetzel, Felix"]
[Result "1/2-1/2"]
[WhiteElo "2187"]
[BlackElo "2233"]
[PlyCount "65"]
[EventDate "2021.12.21"]
[EventType "swiss"]
[EventRounds "7"]
[EventCountry "GER"]
[SourceTitle "CBM 205 Extra"]
[Source "ChessBase"]
[SourceDate "2022.01.31"]
[SourceVersion "1"]
[SourceVersionDate "2022.01.31"]
[SourceQuality "1"]

1. e4 c5 2. Nf3 Nc6 3. Nc3 g6 4. d4 cxd4 5. Nxd4 Bg7 6. Be3 Nf6 7. Bc4 0-0 8. Bb3 a5 9. 0-0 a4 10. Nxa4 Nxe4 11. Nxc6 bxc6 12. Bb6 Qe8 13. Re1 d5 14. c4 Be6 15. cxd5 cxd5 16. Bd4 Qb5 17. Bxg7 Kxg7 18. Qd4+ Kg8 19. f3 Nf6 20. Nc5 Qc6 21. Rac1 Rfc8 22. Qe3 Qd6 23. Nxe6 Rxc1 24. Rxc1 fxe6 25. Qc5 Qe5 26. Qc3 Qxc3 27. bxc3 Nd7 28. Re1 Nc5 29. Rd1 Ra3 30. c4 Nxb3 31. axb3 Rxb3 32. cxd5 exd5 33. Rxd5 1/2-1/2

[Event "GER-ch Net blitz qual3"]
[Site "Playchess.com INT"]
[Date "2021.05.07"]
[Round "3"]
[White "Cofman, Veaceslav"]
[Black "Noetzel, Felix"]
[Result "1-0"]
[WhiteElo "2220"]
[BlackElo "1950"]
[PlyCount "73"]
[EventDate "2021.05.07"]
[EventType "swiss (blitz)"]
[EventRounds "11"]
[EventCountry "GER"]
[SourceTitle "CBM 202 Extra"]
[Source "ChessBase"]
[SourceDate "2021.07.31"]
[SourceVersion "1"]
[SourceVersionDate "2021.07.31"]
[SourceQuality "1"]

1. d4 d5 2. c4 e6 3. Nf3 c6 4. cxd5 exd5 5. Nc3 Nf6 6. Bg5 Be7 7. e3 Nbd7 8. Bd3 0-0 9. Qc2 Re8 10. h3 Nf8 11. Ne5 g6 12. 0-0 Ne6 13. Bh4 Ng7 14. Rab1 Bf5 15. b4 a6 16. a4 Bxd3 17. Qxd3 Nf5 18. Bxf6 Bxf6 19. f4 Nd6 20. a5 Bg7 21. Na4 f6 22. Nf3 Nc4 23. Rfe1 Re7 24. e4 Qe8 25. exd5 cxd5 26. Nc3 Rxe1+ 27. Rxe1 Qd7 28. Qe2 Bf8 29. Rb1 Re8 30. Nxd5 Rxe2 31. Nxf6+ Kf7 32. Nxd7 Ne3 33. Nde5+ Ke6 34. b5 Rxg2+ 35. Kh1 Ra2 36. bxa6 bxa6 37. Re1 1-0

[Event "GER-ch Net blitz qual3"]
[Site "Playchess.com INT"]
[Date "2021.05.07"]
[Round "6"]
[White "Noetzel, Felix"]
[Black "Gombert, Reiner"]
[Result "0-1"]
[WhiteElo "1950"]
[BlackElo "1700"]
[PlyCount "30"]
[EventDate "2021.05.07"]
[EventType "swiss (blitz)"]
[EventRounds "11"]
[EventCountry "GER"]
[SourceTitle "CBM 202 Extra"]
[Source "ChessBase"]
[SourceDate "2021.07.31"]
[SourceVersion "1"]
[SourceVersionDate "2021.07.31"]
[SourceQuality "1"]

1. e4 c5 2. Nf3 Nc6 3. d4 cxd4 4. Nxd4 Nf6 5. Nc3 d6 6. f3 e5 7. Nb3 Be7 8. Be3 0-0 9. Qd2 Be6 10. 0-0-0 a5 11. a4 Nb4 12. g4 d5 13. g5 d4 14. gxf6 dxc3 15. Qxc3 Na2+ 0-1

[Event "GER-ch Net blitz qual2"]
[Site "Playchess.com INT"]
[Date "2021.05.04"]
[Round "5"]
[White "Friemel, Reinhard"]
[Black "Noetzel, Felix"]
[Result "0-1"]
[WhiteElo "1651"]
[BlackElo "1962"]
[PlyCount "54"]
[EventDate "2021.05.04"]
[EventType "swiss (blitz)"]
[EventRounds "11"]
[EventCountry "GER"]
[SourceTitle "CBM 202 Extra"]
[Source "ChessBase"]
[SourceDate "2021.07.31"]
[SourceVersion "1"]
[SourceVersionDate "2021.07.31"]
[SourceQuality "1"]

1. e4 c5 2. c4 Nc6 3. Nc3 g6 4. g3 Bg7 5. Bg2 e6 6. Nge2 Nge7 7. 0-0 0-0 8. d3 d6 9. a3 Bd7 10. Rb1 a5 11. h3 Nd4 12. Nxd4 Bxd4 13. Ne2 Bg7 14. Be3 b5 15. e5 Bxe5 16. Bxa8 Qxa8 17. f4 Bg7 18. g4 Bc6 19. Ng3 f5 20. Qe2 e5 21. b3 Qc8 22. g5 Ba8 23. cxb5 d5 24. h4 d4 25. Bd2 Nd5 26. h5 Re8 27. h6 exf4 0-1

[Event "GER-ch Net blitz qual2"]
[Site "Playchess.com INT"]
[Date "2021.05.04"]
[Round "11"]
[White "Noetzel, Felix"]
[Black "Langrock, Hannes"]
[Result "0-1"]
[WhiteElo "1962"]
[BlackElo "2239"]
[PlyCount "24"]
[EventDate "2021.05.04"]
[EventType "swiss (blitz)"]
[EventRounds "11"]
[EventCountry "GER"]
[SourceTitle "CBM 202 Extra"]
[Source "ChessBase"]
[SourceDate "2021.07.31"]
[SourceVersion "1"]
[SourceVersionDate "2021.07.31"]
[SourceQuality "1"]

1. e4 c5 2. Nf3 e6 3. d4 cxd4 4. Nxd4 Nf6 5. Nc3 Nc6 6. Ndb5 Bc5 7. Nd6+ Ke7 8. Nc4 d5 9. exd5 exd5 10. Nd2 Ng4 11. Qe2+ Be6 12. f3 Bf2+ 0-1

[Event "GER-ch Net blitz qual2"]
[Site "Playchess.com INT"]
[Date "2021.05.04"]
[Round "1"]
[White "Noetzel, Felix"]
[Black "Moeller, Jonas"]
[Result "1-0"]
[WhiteElo "1962"]
[BlackElo "1620"]
[PlyCount "29"]
[EventDate "2021.05.04"]
[EventType "swiss (blitz)"]
[EventRounds "11"]
[EventCountry "GER"]
[SourceTitle "CBM 202 Extra"]
[Source "ChessBase"]
[SourceDate "2021.07.31"]
[SourceVersion "1"]
[SourceVersionDate "2021.07.31"]
[SourceQuality "1"]

1. c4 Nf6 2. Nc3 e6 3. e4 d5 4. e5 d4 5. exf6 dxc3 6. bxc3 Qxf6 7. d4 b6 8. Nf3 Bb7 9. Be2 Bd6 10. h4 h6 11. Be3 Nd7 12. Qa4 c5 13. Rb1 Be4 14. Rd1 Rd8 15. dxc5 1-0

[Event "GER-ch Net blitz qual1"]
[Site "Playchess.com INT"]
[Date "2021.04.24"]
[Round "2"]
[White "Noetzel, Felix"]
[Black "Schulz, Gerhard1111"]
[Result "1-0"]
[WhiteElo "1851"]
[BlackElo "1558"]
[PlyCount "35"]
[EventDate "2021.04.24"]
[EventType "swiss (blitz)"]
[EventRounds "11"]
[EventCountry "GER"]
[SourceTitle "CBM 202 Extra"]
[Source "ChessBase"]
[SourceDate "2021.07.31"]
[SourceVersion "1"]
[SourceVersionDate "2021.07.31"]
[SourceQuality "1"]

1. c4 e6 2. g3 d5 3. Bg2 Nf6 4. Nf3 Be7 5. 0-0 0-0 6. d4 b6 7. Qc2 Bb7 8. Nbd2 Nbd7 9. b3 c5 10. Bb2 cxd4 11. Nxd4 Rc8 12. Rac1 Ba6 13. Qb1 dxc4 14. Nxc4 Nc5 15. Nc6 Qc7 16. Be5 Bd6 17. Bxd6 Qxd6 18. Nxd6 1-0

[Event "EU-Cup Online Gr-A"]
[Site "Tornelo INT"]
[Date "2021.03.28"]
[Round "8.4"]
[White "Noetzel, Felix"]
[Black "Csonka, Attila Istvan"]
[Result "0-1"]
[WhiteElo "2263"]
[BlackElo "2362"]
[PlyCount "96"]
[EventDate "2021.03.27"]
[EventType "team-tourn (rapid)"]
[EventRounds "9"]
[EventCountry "NET"]
[SourceTitle "CBM 201 Extra"]
[Source "ChessBase"]
[SourceDate "2021.05.31"]
[SourceVersion "1"]
[SourceVersionDate "2021.05.31"]
[SourceQuality "1"]
[WhiteTeam "Berlin SF"]
[BlackTeam "Szombathely"]
[WhiteTeamCountry "GER"]
[BlackTeamCountry "HUN"]

1. e4 c5 2. Nf3 e6 3. d4 cxd4 4. Nxd4 Nc6 5. Nc3 Qc7 6. Be3 a6 7. Qd2 Nf6 8. f3 Be7 9. g4 b5 10. g5 Nh5 11. 0-0-0 Bb7 12. Rg1 Nxd4 13. Bxd4 Rc8 14. Bd3 0-0 15. Ne2 d5 16. e5 g6 17. Ng3 Nxg3 18. hxg3 Kg7 19. Rh1 Rh8 20. f4 Bc5 21. Bxc5 Qxc5 22. g4 d4 23. Rh3 Qd5 24. Kb1 a5 25. Re1 b4 26. Be4 Qxe4 27. Rxe4 Bxe4 28. Rh2 Rxc2 29. Qxc2 Bxc2+ 30. Kxc2 Rc8+ 31. Kd3 Rc1 32. Kxd4 a4 33. Ke4 a3 34. bxa3 bxa3 35. Rh3 Rc4+ 36. Kd3 Rxf4 37. Kc2 Rxg4 38. Rxa3 Rxg5 39. Re3 h5 40. a4 Rg4 41. Kb3 h4 42. a5 Rg3 43. Rxg3 hxg3 44. a6 g2 45. a7 g1Q 46. a8Q Qe3+ 47. Kc2 Qxe5 48. Qd8 g5 0-1

[Event "EU-Cup Online Gr-A"]
[Site "Tornelo INT"]
[Date "2021.03.27"]
[Round "1.4"]
[White "Vovk, Orest"]
[Black "Noetzel, Felix"]
[Result "1-0"]
[WhiteElo "2315"]
[BlackElo "2263"]
[PlyCount "77"]
[EventDate "2021.03.27"]
[EventType "team-tourn (rapid)"]
[EventRounds "9"]
[EventCountry "NET"]
[SourceTitle "CBM 201 Extra"]
[Source "ChessBase"]
[SourceDate "2021.05.31"]
[SourceVersion "1"]
[SourceVersionDate "2021.05.31"]
[SourceQuality "1"]
[WhiteTeam "Green Chess"]
[BlackTeam "Berlin SF"]
[WhiteTeamCountry "UKR"]
[BlackTeamCountry "GER"]

1. h3 d5 2. e4 dxe4 3. Nc3 Nf6 4. Qe2 Bd7 5. Nxe4 Nxe4 6. Qxe4 Bc6 7. Qe3 Nd7 8. Nf3 b6 9. d4 e6 10. Bd3 Be7 11. 0-0 0-0 12. Qe2 Bb7 13. Rd1 Bf6 14. Ne5 c5 15. Bb5 Nb8 16. dxc5 Qc7 17. Nd7 Nxd7 18. Rxd7 Qc8 19. cxb6 axb6 20. c3 Rd8 21. Rxd8+ Qxd8 22. Qd3 Qc7 23. Qd7 Qxd7 24. Bxd7 Bd5 25. a4 Bb3 26. Be3 Rd8 27. Bb5 Rd6 28. Be2 g6 29. Ra3 Bc2 30. b4 Kg7 31. a5 bxa5 32. bxa5 Be5 33. a6 Bd1 34. Bf1 Bc2 35. a7 Rd1 36. a8Q Bd3 37. f4 Rxf1+ 38. Kh2 Bd6 39. Ra1 1-0

[Event "GER-chT Online Liga 1 GpD"]
[Site "Playchess.com INT"]
[Date "2021.03.23"]
[Round "7.4"]
[White "Noetzel, Felix"]
[Black "Nagel, Bernhard"]
[Result "0-1"]
[WhiteElo "2263"]
[BlackElo "2180"]
[PlyCount "126"]
[EventDate "2021.01.18"]
[EventType "team-tourn (rapid)"]
[EventRounds "7"]
[EventCountry "GER"]
[SourceTitle "EXT 2022"]
[Source "ChessBase"]
[SourceDate "2021.10.06"]
[SourceVersion "1"]
[SourceVersionDate "2021.10.06"]
[SourceQuality "1"]
[WhiteTeam "Berlin SF"]
[BlackTeam "Koeln Lasker"]
[WhiteTeamCountry "GER"]
[BlackTeamCountry "GER"]

1. c4 e6 2. Nf3 d5 3. g3 dxc4 4. Bg2 Nf6 5. Qa4+ Bd7 6. Qxc4 c5 7. Ne5 Nc6 8. Nxd7 Qxd7 9. 0-0 Rc8 10. b3 Be7 11. Bb2 0-0 12. Qc2 Nd4 13. Qd1 Rfd8 14. d3 Nd5 15. Nc3 Nxc3 16. Bxc3 b6 17. Rc1 Bf6 18. e3 Nc6 19. Bxf6 gxf6 20. Qg4+ Kh8 21. Qh4 Qe7 22. d4 f5 23. dxc5 Qxh4 24. gxh4 bxc5 25. Rxc5 Nb4 26. Rxc8 Rxc8 27. a3 Nd3 28. Rd1 Rc3 29. Bf1 Ne5 30. f4 Ng4 31. Rd3 Rc1 32. h3 Nf6 33. Kg2 Rc2+ 34. Kf3 Ne4 35. Be2 Kg7 36. b4 Ra2 37. b5 Kf6 38. h5 h6 39. Rd8 Rxa3 40. Ra8 Ra5 41. Bd3 Nd6 42. Rb8 Ra3 43. Be2 Ne4 44. Ra8 Ra5 45. Bd3 Nc3 46. Rb8 Ra3 47. Rb7 Nd5 48. Ke2 Nb4 49. Bc4 Rc3 50. Rc7 Nd5 51. Rc6 Nxe3 52. Ba2 Ra3 53. Ra6 Rxa6 54. bxa6 Nd5 55. Kf3 Nb4 56. Bc4 Ke7 57. Ke3 Kd6 58. Bb5 f6 59. Kf3 e5 60. Bc4 Nd5 61. Bd3 e4+ 62. Bxe4 fxe4+ 63. Kxe4 Ke6 0-1

[Event "Oberliga Nord O 1920"]
[Site "Germany"]
[Date "2019.12.08"]
[Round "4.6"]
[White "Noetzel, Felix"]
[Black "Meissner, Hans Juergen"]
[Result "1-0"]
[WhiteElo "2267"]
[BlackElo "2222"]
[PlyCount "49"]
[EventDate "2019.09.29"]
[EventType "team-tourn"]
[EventRounds "9"]
[EventCountry "GER"]
[SourceTitle "CBM 195 Extra"]
[Source "ChessBase"]
[SourceDate "2020.05.31"]
[SourceVersion "1"]
[SourceVersionDate "2020.05.31"]
[SourceQuality "1"]

1. e4 c5 2. Nf3 d6 3. d4 cxd4 4. Nxd4 Nf6 5. Nc3 e6 6. Be3 Be7 7. f3 Nc6 8. Qd2 0-0 9. 0-0-0 a6 10. g4 Nxd4 11. Bxd4 b5 12. g5 Nd7 13. h4 b4 14. Ne2 Qa5 15. Kb1 Ne5 16. f4 Nf3 17. Qe3 Nxd4 18. Nxd4 Qc5 19. Qg3 Re8 20. h5 e5 21. Nf5 exf4 22. Qxf4 Be6 23. h6 Rac8 24. Bd3 g6 25. Nxe7+ 1-0

[Event "Berlin Lichtenrade op 15th"]
[Site "Berlin"]
[Date "2019.10.17"]
[Round "6"]
[White "Noetzel, Felix"]
[Black "Tschernatsch, Johannes"]
[Result "1-0"]
[WhiteElo "2233"]
[BlackElo "2132"]
[PlyCount "91"]
[EventDate "2019.10.12"]
[EventType "swiss"]
[EventRounds "9"]
[EventCountry "GER"]
[SourceTitle "CBM 192 Extra"]
[Source "Chessbase"]
[SourceDate "2019.11.06"]
[SourceVersion "1"]
[SourceVersionDate "2019.11.06"]
[SourceQuality "1"]

1. e4 c5 2. Nf3 d6 3. d4 cxd4 4. Nxd4 Nf6 5. Nc3 a6 6. Be3 e5 7. Nb3 Be6 8. f3 Nbd7 9. Qd2 Be7 10. 0-0-0 0-0 11. g4 b5 12. g5 b4 13. Ne2 Ne8 14. f4 a5 15. f5 a4 16. Nbd4 exd4 17. Nxd4 Bxa2 18. Nc6 Qc7 19. Nxe7+ Kh8 20. Qxb4 Rb8 21. Qc3 Qxc3 22. bxc3 Ne5 23. Kd2 f6 24. Ra1 Rb2 25. Nd5 Bxd5 26. exd5 fxg5 27. Rxa4 Nf6 28. Bg2 h6 29. Rha1 g4 30. Bd4 Nfd7 31. Ra8 Rbb8 32. Rxb8 Rxb8 33. Ra6 Rf8 34. Kc1 Rf6 35. Be4 h5 36. Ra8+ Kh7 37. Re8 h4 38. c4 Nxc4 39. Bxf6 Nxf6 40. Re6 Nxe4 41. Rxe4 Ne5 42. Kd2 Nf3+ 43. Ke2 Nxh2 44. c4 h3 45. Kf2 Kh6 46. c5 1-0

[Event "Berlin Lichtenrade op 15th"]
[Site "Berlin"]
[Date "2019.10.16"]
[Round "5"]
[White "Starostits, Ilmars"]
[Black "Noetzel, Felix"]
[Result "1-0"]
[WhiteElo "2479"]
[BlackElo "2233"]
[PlyCount "69"]
[EventDate "2019.10.12"]
[EventType "swiss"]
[EventRounds "9"]
[EventCountry "GER"]
[SourceTitle "CBM 192 Extra"]
[Source "Chessbase"]
[SourceDate "2019.11.06"]
[SourceVersion "1"]
[SourceVersionDate "2019.11.06"]
[SourceQuality "1"]

1. Nf3 d5 2. d4 Nf6 3. e3 e6 4. Bd3 Bd6 5. 0-0 0-0 6. b3 Nbd7 7. Bb2 Ne4 8. c4 c6 9. Qc2 f5 10. Ne5 Qg5 11. Nd2 Rf6 12. f4 Qh5 13. Nxe4 fxe4 14. Be2 Qe8 15. a4 Qe7 16. c5 Bxe5 17. dxe5 Rf7 18. Bd4 a5 19. Rac1 Nb8 20. g4 Bd7 21. Qd2 Rf8 22. Kh1 Be8 23. f5 Nd7 24. Rg1 Qg5 25. Rcf1 Bf7 26. Qe1 b6 27. f6 bxc5 28. h4 Qg6 29. g5 h5 30. fxg7 Qxg7 31. g6 Be8 32. Rf7 Qh6 33. Rh7 Qxh7 34. gxh7+ Kxh7 35. Qg3 1-0